01146nam a2200193Ia 4500001001000000003001000010008004100020040002500061041001300086100002100099245010700120250001100227260009500238300001200333500023500345501011400580520023500694650002300929L195-1968IT-CnALBA170116s9999||||xx |||||||||||||| ||und|| aIT-CnALBAcIT-CnALBA aITALIANO aGIOIA MELCHIORRE 0aFILOSOFIA DELLA STATISTICA ESPOSTA DA MELCHIORRE GIOIA. QUESTIONI SULL'ORDINAMENTO DELLE STATISTICHE.  a1a ed. aMILANObANNALI UNIV. SCIENZE IND. SOC. ED. c1830 [1° Ed.:1830 - Ed.Ling.Originale: 1830] a708 p.  aSTORIA E VITA DI MELCHIORRE GIOIA. AUTORITÀ. ABITUDINI MORALI. ATTIVITÀ O INDOLENZA. PREVISIONI E IMPREVISIONI DEI CONSUMI. POVERTÀ RICCHEZZA. OPINIONI LEGGI GOVERNI. ORDINAMENTO DELLE STATISTICHE DI ROMAGNOSI GIANDOMENICO.  aSocietà San Paolo EM - Piazza San Paolo, 14 - 12051 ALBA (CN) (non commercial uses only) ® Copyright 2017 aSTORIA E VITA DI MELCHIORRE GIOIA. AUTORITÀ. ABITUDINI MORALI. ATTIVITÀ O INDOLENZA. PREVISIONI E IMPREVISIONI DEI CONSUMI. POVERTÀ RICCHEZZA. OPINIONI LEGGI GOVERNI. ORDINAMENTO DELLE STATISTICHE DI ROMAGNOSI GIANDOMENICO.  aFILOSOFIA ITALIANA